000 00417nam a2200181Ia 4500
005 20250423101351.0
008 250422s9999 xx 000 0 und d
020 _a1596430478
050 _aPZ 7 .G325 O43/
100 _aGerstein, Mordicai
245 4 _aThe old country
260 _aNew Milford
260 _bRoaring Brook Press
260 _c2005
300 _a130 p
650 _aLiterature
942 _cBK
999 _c36101
_d36101